1362 1991 1025 1949 1742 1241 1023 1283 1153 1751 1290 1913 1595 1772 1528 1445 1485 1573 1311 1808 1993 1203 1419 1300 1824 1879 1716 1589 1358 1657 1669 1776 1536 1665 1870 1901 1521 1879 1590 1513 1231 1526 1184 1258 1476 1428 1015 1299 1552 1399 1437 1284 1403 1899 1342 1406 1805 1520 1047 1530 1693 1669 1161 1260 1933 1134 1960 1328 1581 1355 1639 1496 1694 1432 1795 1265 1920 1196 1902 1794 1116 1204 1345 1439 1760 1849 1556 1842 1362 1992 1236 1645 1189 1237 1298 1926 1959 1492 1663 BCNSPRNW ULIB Ver.6.0+V

เปลี่ยนเป็นภาษาไทย

Change to English
 แสดงรายละเอียดบรรณานุกรม
  กลับหน้าหลัก

Brief Record : Get Marc (ISO 2709) : E-mail record : QR code < ปิดหน้าต่าง
LEADER : 00000nam 2200000uu 4500
001    13399123791
003     ULIB
008    141128s2553||||th 000 0 tha d
024    9789742531065
099    ^aนว.^bน472จ
100 0  ^aนายา
245 00 ^aจากฟ้าแดนไกล^cนายา
250    ^aพิมพ์ครั้งที่ 2
260    ^aกรุงเทพฯ :^bเพื่อนดี,^c2553
300    ^a541 หน้า
945    ^p360^l0^i036363
999    ^aเกษร โพธิ์สุวรรณ
รายการนี้ยังไม่มีแท็ก
คุณยังไม่ได้ล็อกอิน คุณสามารถมีกิจกรรมร่วมกับเว็บไซต์ได้ แต่ต้องล็อกอินก่อน ::
  ล็อกอิน

รายการสื่อสารสนเทศ

ลำดับที่ ประเภท เลขเรียก/บาร์โค้ด สถานที่ สถานะ
1. นวนิยาย
นวนิยาย
นว. น472จ ฉ.1 
  Barcode: 036363
ห้องสมุดวิทยาเขตนครสวรรค์
►นวนิยาย:l:Fiction
ถูกยืม กำหนดส่งวันที่ 26 ธันวาคม 2559
  จอง
Note:อภินันทนาการโดย อาจารย์จุฑารัตน์ สว่างชัย

รายการใกล้เคียง
    ผู้แต่ง [นายา]

BibComment


ยังไม่เคยถูกคอมเมนท์

คอมเมนท์ทรัพยากรรายการนี้
  คอมเมนท์: จากฟ้าแดนไกล นายา


 Copyright 2026. Bcnsprnw @Library